ၶၢဝ်းတၢင်းႁႃႈသိပ်းပီၸဝ်ႈသြႃႇမိူင်းၵုတ်ႈ (Record no. 6270)

000 -LEADER
fixed length control field 00890nam a22002177a 4500
003 - CONTROL NUMBER IDENTIFIER
control field OSt
005 - DATE AND TIME OF LATEST TRANSACTION
control field 20260128092914.0
008 - FIXED-LENGTH DATA ELEMENTS--GENERAL INFORMATION
fixed length control field 210821b ||||| |||| 00| 0 eng d
040 ## - CATALOGING SOURCE
Transcribing agency OSt
041 ## - LANGUAGE CODE
Language code of text/sound track or separate title Shan
082 ## - DEWEY DECIMAL CLASSIFICATION NUMBER
Classification number 294.3092
245 ## - TITLE STATEMENT
Title ၶၢဝ်းတၢင်းႁႃႈသိပ်းပီၸဝ်ႈသြႃႇမိူင်းၵုတ်ႈ
260 ## - PUBLICATION, DISTRIBUTION, ETC.
Place of publication, distribution, etc. တႃႈၵုင်ႈ
Name of publisher, distributor, etc. ဢေး
Date of publication, distribution, etc. 2012
300 ## - PHYSICAL DESCRIPTION
Extent ix၊ 364 ၼႃႈ
Dimensions 22 ၸိၼ်ႇထီႇ
500 ## - GENERAL NOTE
General note S-SAT: Dr. Prof Sai Aung Tun
650 ## - SUBJECT ADDED ENTRY--TOPICAL TERM
Topical term or geographic name entry element ထေရုပ်ႉပတ်ႉတိ (ပပ်ႉတီႈမၢႆတွင်း)
710 ## - ADDED ENTRY--CORPORATE NAME
Corporate name or jurisdiction name as entry element ၸဝ်ႈပၺ်ႇၺႃႇၽေႃးၵ (မိူင်းသူႈ) (---လႄႈတၢင်ႇၵေႃႉ) ၶပ်းၶိုင်-
942 ## - ADDED ENTRY ELEMENTS (KOHA)
Koha item type Books (Long term)
501 ## - WITH NOTE
With note ပႃးၽိုၼ်ဢိင်
710 ## - ADDED ENTRY--CORPORATE NAME
9 (RLIN) 65809
Source of classification or shelving scheme
Holdings
Withdrawn status Lost status Source of classification or shelving scheme Damaged status Not for loan Collection Code Permanent Location Current Location Shelving location Date acquired Total Checkouts Full call number Barcode Date last seen Date last checked out Copy number Price effective from Koha item type Accession
          Tai Collection Shan State Buddhist University Library Shan State Buddhist University Library Tai Shelves 21/08/2021 3 294.3092 ၶၢဝ်း ႒႒႐ SH00000220 19/06/2024 11/06/2024 1 21/08/2021 Books (Long term) ႒႒႐
        Not For Loan Tai Collection Shan State Buddhist University Library Shan State Buddhist University Library Tai Shelves 21/08/2021   294.3092 ၶၢဝ်း ႒႓႗႗ S-SAT SH00002377 30/09/2024   2 21/08/2021 Book (Short term) ႒႓႗႗ S-SAT
          Tai Collection Shan State Buddhist University Library Shan State Buddhist University Library Tai Shelves 21/08/2021 1 294.3092 ၶၢဝ်း ႓႗႒႖ SH00003726 29/12/2025 01/12/2025 3 21/08/2021 Books (Long term) ႓႗႒႖

Library - 09407999929
Admin Office - 09407999979
Dean Office - 09250910768
Registrar Office - 09892297154
Email - [email protected]
Shan State Buddhist University, Phaya Phyu Taunggyi, Shan State, Myanmar.